| 000 | 01183nam a22002657a 4500 | ||
|---|---|---|---|
| 999 |
_c65651 _d65651 |
||
| 005 | 20240530110836.0 | ||
| 008 | 191104s2001 ua a f 000 0 ara d | ||
| 017 |
_a2001/5718 _bمصر. دار الكتب |
||
| 040 |
_aEG-CaGPL _cEG-CaGPL |
||
| 082 | 0 | 4 |
_221 _a551.480962 _bق / م م |
| 100 | 0 | _aمحمد نصر الدين علام | |
| 245 | 1 | 2 |
_aالمياة والاراضى الزراعية فى مصر : _bالماضى والحاضر والمستقبل / _cمحمد نصر الدين علام ، الاشتراك محمد ناصر عزت ، جمال ابراهيم علام ، السيد حسن مهدى |
| 250 | _aط.1 | ||
| 260 |
_aالقاهرة : _bالمكتبة الاكاديمية ، _c2001 |
||
| 300 |
_a596 ص. : _bايض. ؛ _c24 سم . |
||
| 650 | 0 | 7 |
_2qrmak _aمصادر المياه |
| 650 | 0 | 7 |
_aاستهلاك المياه _2qrmak |
| 650 | 0 | 7 |
_aمياه _xتلوث _2qrmak |
| 651 | _2qrmak | ||
| 700 | 0 |
_aمحمد ناصر عزت _eمؤلف مشارك |
|
| 700 | 0 |
_aجمال ابراهيم علام _eمؤلف مشارك |
|
| 700 | 0 |
_aالسيد حسن مهدى _eمؤلف مشارك |
|
| 942 |
_2ddc _cBK |
||